MARC

Tag First Indicator Second Indicator Subfields
LEADER 00000cam a2200000 a 4500
001 in00002781550
006 m d
007 cr cn|||||||||
008 120312s2012 enk ob 001 0 eng d
005 20250816210347.4
010 |z  2012010261 
020 |z 9780230355996 (hardback) 
020 |z 9781137265326 (e-book) 
035 |a (CaPaEBR)ebr10587438 
040 |a CaPaEBR  |c CaPaEBR  |d UtOrBLW 
043 |a e-uk--- 
050 1 4 |a PR3537.P6  |b P65 2012eb 
082 0 4 |a 828/.609  |2 23 
245 0 4 |a The politics of Samuel Johnson /  |c edited by Jonathan Clark and Howard Erskine-Hill. 
264 1 |a Hampshire ;  |a New York :  |b Palgrave Macmillan,  |c 2012. 
300 |a 1 online resource (xiv, 235 pages) 
336 |a text  |b txt  |2 rdacontent 
337 |a computer  |b c  |2 rdamedia 
338 |a online resource  |b cr  |2 rdacarrier 
490 1 |a Studies in modern history (Palgrave Macmillan (Firm)) 
504 |a Includes bibliographical references and index. 
500 |a Electronic resource. 
600 1 0 |a Johnson, Samuel,  |d 1709-1784  |x Political and social views. 
650 0 |a Politics and literature  |z Great Britain  |x History  |y 18th century. 
651 0 |a Great Britain  |x Politics and government  |y 18th century. 
655 7 |a Electronic books.  |2 local 
700 1 |a Clark, J. C. D. 
700 1 |a Erskine-Hill, Howard. 
710 2 |a ebrary, Inc. 
830 0 |a Studies in modern history (Palgrave Macmillan (Firm)) 
856 4 0 |u https://ebookcentral.proquest.com/lib/tamucs/detail.action?docID=990107  |y Connect to the full text of this electronic book  |t 0 
980 |a 120911  |b 85  |c USD  |e 85  |f YBP_EBR0000042104  |g 1 
999 f f |s 7781cefe-5df7-3073-bd75-1f91b1c4da34  |i 420764d7-86fb-3d97-9337-9ea2865c7150  |t 0 
999 |a MARS 
952 f f |a Texas A&M University  |b College Station  |c Electronic Resources  |d Available Online  |t 0  |e PR3537.P6 P65 2012eb  |h Library of Congress classification 
998 f f |a PR3537.P6 P65 2012eb  |t 0  |l Available Online